Normal view
MARC view
- Roman G. Hiedhi9ng Jr. & Scott W. Couper
Entry Personal Name
001 - CONTROL NUMBER
- control field: 4499
003 - CONTROL NUMBER IDENTIFIER
- control field: OSt
005 - DATE AND TIME OF LATEST TRANSACTION
- control field: 20220126145409.0
008 - FIXED-LENGTH DATA ELEMENTS
- fixed length control field: 220126|| aca||aabn | a|a d
040 ## - CATALOGING SOURCE
- Original cataloging agency: OSt
- Transcribing agency: OSt
100 ## - HEADING--PERSONAL NAME
- Personal name: Roman G. Hiedhi9ng Jr. & Scott W. Couper
670 ## - SOURCE DATA FOUND
- Source citation: Work cat.: (OSt)2039: Roman G. Hiedhi9ng Jr. & Scott W. Couper ., The Successful Marketing Plan ; a discipling & comprehensive approach, c1997
